000 00350cam a2200133ua 4500
041 _aeng
_h
082 _a822
_bIBS/IB
100 _aIBSEN, .
245 _aIbsen:Enemy of the people, wild duck,Rosmersholm /
_cIBSEN.
_hTextual Documents
260 _aLondon :
_bOxford University ,
_c1960.
300 _a464 ; .
504 _a
999 _c11455
_d11455